[Event "Bazna Kings 5th"]
[Site "Medias"]
[Date "2011.06.15"]
[Round "5"]
[White "Carlsen, Magnus"]
[Black "Nisipeanu, Liviu Dieter"]
[Result "1-0"]
[WhiteElo "2815"]
[BlackElo "2659"]
[Annotator "Rogozenco,D"]
[PlyCount "61"]
[EventDate "2011.06.11"]
[EventType "tourn"]
[EventRounds "10"]
[EventCountry "ROU"]
[EventCategory "21"]
[SourceTitle "CBM 143"]
[Source "ChessBase"]
[SourceDate "2011.07.15"]

1. d4 d5 2. c4 dxc4 3. e3 Nf6 4. Bxc4 e6 5. Nf3 c5 6. O-O a6 7. dxc5 Bxc5 8.
Qxd8+ Kxd8 {Magnus Carlsen has played this line before and it shouldn't have
come as a surprise for Nisipeanu. Even if White's next move is out of fashion,
it soon transposed to the main line.} 9. Be2 ({Usually White starts with} 9.
Nbd2 {then after} Ke7 10. Be2 {we have a transposition to the game.}) 9... Ke7
10. Nbd2 Bd7 11. Nb3 {Possibly the critical position of the game.} Bd6 $6 (
11... Bb6 {or even 11...Ba7 must be played.}) 12. Na5 $1 {A nasty surprise for
Black. Although Nisipeanu spent a lot of time here, Black is not able to avoid
the exchange of one of his bishops for a knight, which will secure White a
pleasant, long-lasting advantage.} Ra7 ({The main alternative was} 12... b5 13.
Nb7 Bb4 {with the idea 14.a3 Bc6. But perhaps White can play} 14. Bd2 Bxd2 15.
Nxd2 {when the weakened square c5 and the exposed queenside pawns should
secure White somewhat better chances. And there is an additional way. Instead
of 13.Nb7 the simple 13.Bd2 preparing next Nb7 might be even more unpleasant
for Black.}) 13. Nc4 Bb5 (13... Bc7 14. b3 {followed by a check from a3 looks
horrible for Black.}) 14. b3 $1 Rd8 15. Bb2 Bxc4 ({After} 15... Nc6 16. Rfd1
Raa8 17. Rxd6 Rxd6 18. Nxd6 Kxd6 {Magnus was going to keep the bishop pair with
} 19. Bd1 $1) 16. Bxc4 Nc6 17. Rfd1 Raa8 18. h3 {Black's position is worse
than it looks. White's bishop pair together with the lack of any counterplay
makes it difficult to defend it especially in a practical game and especially
with little time. White's plan is to advance the kingside pawns, gaining more
space and trying to create a weakness in Black's pawn formation. Possibly
disappointed by the course of the game Nisipeanu fails to put up his usual
tough resistance.} g6 {This somewhat strange-looking move is meant to prepare
Nf6-d5. But on d5 the knight won't be doing much anyway, while the weaknesses
created by 18...g6 will soon be fatal.} (18... h5 {was preferable, stopping at
least for a while g2-g4.}) 19. g4 h6 (19... h5 {is answered by} 20. g5) 20. Bf1
Rac8 21. Rac1 Nd5 22. h4 Ke8 ({Something like} 22... Ncb4 {was called for,
trying some counterplay as quickly as possible.}) 23. g5 hxg5 {After this
inaccuracy the position becomes really difficult.} ({Black must try to keep
the kingside closed and} 23... h5 {was necessary.}) 24. hxg5 Be7 25. Kg2 Nb6
26. Bd3 $1 Nb4 27. Be4 Nxa2 28. Rxd8+ Kxd8 29. Rh1 {Black is temporarily a
pawn up, but his position is lost. The bishop pair dominates the board, the
rook is going to come to h7 and the knight to e5. Black just can't stand such
pressure.} Nd5 30. Ne5 f5 31. Bxd5 ({Black resigned due to} 31. Bxd5 exd5 32.
Rh8+ Kc7 33. Rh7 Kd8 34. Bd4 {and big material losses are unavoidable.}) 1-0

[Event "Bazna Kings 5th"]
[Site "Medias"]
[Date "2011.06.14"]
[Round "4"]
[White "Karjakin, Sergey"]
[Black "Carlsen, Magnus"]
[Result "1/2-1/2"]
[WhiteElo "2776"]
[BlackElo "2815"]
[Annotator "Rogozenco,D"]
[PlyCount "69"]
[EventDate "2011.06.11"]
[EventType "tourn"]
[EventRounds "10"]
[EventCountry "ROU"]
[EventCategory "21"]
[SourceTitle "CBM 143"]
[Source "ChessBase"]
[SourceDate "2011.07.15"]

1. e4 c6 {Magnus Carlsen can play almost any opening. For instance in their
last classical game in 2010 the Norwegian surprised the Russian GM with the
French Defence (which Carlsen had never played before).} 2. d4 d5 3. e5 Bf5 4.
Nf3 e6 5. Be2 Ne7 6. O-O c5 7. c4 {In the Advanced Variation of the Caro-Kann
both sides actively fight for the centre right from the early moves.} Nbc6 8.
dxc5 (8. Na3 {was played by Karjakin in a blitz game before.}) 8... d4 9. Bd3
Bxd3 10. Qxd3 Ng6 11. Qe4 Bxc5 12. a3 {Possibly Karjakin mixed up something,
as he admitted after the game that the immediate 12.Nbd2 is better. This is
actually the move played recently by Karjakin's second in Romania Alexander
Motylev:} (12. Nbd2 Qc7 (12... O-O {is preferable:} 13. Nb3 Qb6 {as played by
Karpov in 2002.}) 13. Nb3 Be7 14. Re1 Rd8 15. Bd2 O-O 16. h4 h5 17. Rad1 a6 18.
Nc1 b5 19. cxb5 axb5 20. Nd3 Rd5 21. Rc1 Rc8 22. g4 hxg4 23. Qxg4 Kh8 24. Kh1
Qb7 25. Rg1 Bf8 26. Qh5+ Kg8 27. Ng5 Be7 28. Qh7+ Kf8 29. Nxe6+ Ke8 30. Nxg7+
Kd7 31. e6+ Kd6 32. exf7 Nce5 33. Rxg6+ {1-0 Motylev,A (2677) -Maletin,P (2584)
/Olginka 2011}) 12... a5 13. Nbd2 Bb6 $1 {Very strong, pointing out the
vulnerability of pawn on e5 (the idea is to play ...Bc7 at some point). Now
due to the inclusion of the moves a3/a5 White does not have time for 13.Nb3,
which is answered by 13...a4.} (13... Qb6 {is also strong, highlighting
another drawback of the move 12.a3 - the weakness of the b3-square: White is
unable to place the knight on b3 now.}) 14. Rb1 a4 ({After} 14... Bc7 15. Nb3 {
White exchanges the pawn on e5 for the d4-pawn.}) 15. b4 axb3 16. Rxb3 (16.
Nxb3 Ra4 $1) 16... O-O 17. c5 (17. h4 $5) 17... Bxc5 18. Rxb7 Qd5 $1 19. Qxd5
exd5 20. Nb3 $1 ({Karjakin missed at the beginning that after} 20. Rb5 Ra5 21.
Rxa5 Nxa5 22. Bb2 {Black has a very strong move} Nf4 {and White's position
becomes highly unpleasant.}) 20... Bxa3 21. Bxa3 Rxa3 22. Nbxd4 Ngxe5 (22...
Nxd4 23. Nxd4 Nxe5 24. Rb5 Rd8 25. f4 Ng6 26. Nc6 Rc8 27. f5 Rxc6 28. fxg6 hxg6
29. Rxd5 Ra2 30. Rg5 {is also a draw.}) 23. Nxc6 Nxc6 24. Rc7 {Black is a pawn
up, but the rook on c7 is very active and Carlsen's knight doesn't have a
stable square. All this means that Black cannot convert his extra pawn.} Rc3
25. Re1 $1 {Threatening 26.Ne5.} ({After} 25. Ne5 {Black has} Nd4 $1 26. Rxc3
Ne2+ 27. Kh1 Nxc3 {and after the exchange of White's active rook Black gets
real chances to win.}) 25... Rc4 26. Rd7 Nb4 27. g3 {Black is not able to
improve the position.} h6 28. Ree7 Nc6 29. Re1 Rc5 30. Kg2 Nb4 31. Ree7 Nc6 32.
Re1 Rb8 33. h4 Rc8 34. Rb1 d4 35. Nxd4 1/2-1/2

[Event "Bazna Kings 5th"]
[Site "Medias"]
[Date "2011.06.12"]
[Round "2"]
[White "Ivanchuk, Vassily"]
[Black "Carlsen, Magnus"]
[Result "1/2-1/2"]
[WhiteElo "2776"]
[BlackElo "2815"]
[Annotator "Rogozenco,D"]
[PlyCount "65"]
[EventDate "2011.06.11"]
[EventType "tourn"]
[EventRounds "10"]
[EventCountry "ROU"]
[EventCategory "21"]
[SourceTitle "CBM 143"]
[Source "ChessBase"]
[SourceDate "2011.07.15"]

1. e4 e5 2. Nf3 Nc6 3. Bb5 Nf6 4. d3 (4. O-O Nxe4 5. d4 Nd6 6. Bxc6 dxc6 7.
dxe5 Nf5 8. Qxd8+ Kxd8 {leads to the Berlin Defence, with a lot of games on
the highest level. In spite of White's efforts, in recent years this opening
variation has proved to be very solid for Black.}) 4... d6 5. O-O Be7 6. Re1
O-O 7. c3 a6 8. Ba4 b5 9. Bc2 d5 10. Nbd2 ({Black should worry neither about} 
10. d4 Nxe4 11. Nxe5 Nxe5 12. dxe5 f5) ({nor} 10. exd5 Qxd5) 10... dxe4 11.
dxe4 Be6 {The structure is almost similar and there are few fighting resources.
Ivanchuk goes for an interesting plan to exchange the light-squared bishops.}
12. Bb3 {[%csl Gc1,Re7] White's long-term idea is to prove the superiority of
his dark-squared bishop. But with accurate play Carlsen has no difficulties
neutralising it.} Bxb3 ({Carlsen felt that} 12... Qd7 13. Bxe6 Qxe6 14. Qb3
Qxb3 15. Nxb3 {might be better for White.}) 13. axb3 Qd3 14. b4 {An important
move in White's plan: to free the square b3 for the knight and blockade the
weakness on a6. But Black has some pressure in the centre and a lead in
development, which will allow him to play at some moment a6-a5.} Rfd8 15. Qb3
Qd7 ({As pointed out by Magnus, his original intention} 15... Nd7 {runs into
the strong} 16. Qd5 {when the only move is the somewhat ugly-looking retreat.}
Ndb8 {Then after} 17. Qxd3 Rxd3 18. Kf1 {White can claim an edge in the
endgame.}) 16. Qc2 Qe6 17. Qb3 (17. Nb3 {is answered by} Qc4 {(threatening to
take on b4 with the knight)} 18. Nfd2 (18. Re2 $2 {allows a lovely combination:
} Nxb4 $1 19. cxb4 Qxc2 20. Rxc2 Rd1+ 21. Ne1 Rxe1#) 18... Qe6 19. Nf1 Qc4 {
and White is getting nowhere.}) 17... Qd7 18. Qc2 Qe6 {By playing 19.Qb3
Ivanchuk could repeat the position and make a quicker draw, but he keeps on
playing. However, the position is just equal.} 19. h3 a5 20. bxa5 Rxa5 21. Rxa5
Nxa5 22. b4 Nb7 23. Qb3 Qxb3 24. Nxb3 Nd7 25. Be3 Nd6 (25... Ra8 $11) 26. Nfd2
(26. Na5 Nxe4 27. Nc6 Re8 28. Bd4 exd4 29. Rxe4 {doesn't work in view of} dxc3
$1 {(Ivanchuk) .}) 26... Ra8 27. Kf1 f6 28. Ke2 Kf7 29. Kd3 Ke6 30. f3 Ra2 31.
Ra1 Rxa1 32. Nxa1 Nb7 33. Nab3 1/2-1/2

[Event "Bazna Kings 5th"]
[Site "Medias"]
[Date "2011.06.11"]
[Round "1"]
[White "Carlsen, Magnus"]
[Black "Nakamura, Hikaru"]
[Result "1-0"]
[WhiteElo "2815"]
[BlackElo "2774"]
[Annotator "Rogozenco,D"]
[PlyCount "76"]
[EventDate "2011.06.11"]
[EventType "tourn"]
[EventRounds "10"]
[EventCountry "ROU"]
[EventCategory "21"]
[SourceTitle "CBM 143"]
[Source "ChessBase"]
[SourceDate "2011.07.15"]

1. d4 d5 2. c4 e6 3. Nc3 Be7 {The Queen's Gambit Declined became fashionable
again on the very top level thanks to the Candidates matches in Kazan, where
Black was able to neutralise White's opening advantage. Carlsen was happy that
he found a way to break through this rock solid classical opening.} 4. cxd5
exd5 5. Bf4 c6 6. Qc2 {This is a popular move order: White prevents his
opponent from developing the bishop on f5. Recently Nakamura himself played
this move against Ponomariov.} Bg4 {[%cal Gg4h5,Gh5g6] A rare move. Black
insists on transferring the bishop to the diagonal b1-h7. Magnus Carlsen
admitted after the game that the move was new to him.} (6... Bd6 7. Bxd6 Qxd6
8. e3 Qg6 9. Qxg6 hxg6 10. b4 a6 11. f3 Nd7 12. Bd3 Ne7 13. Nge2 g5 14. Kf2 Nf6
15. g4 Kd8 16. Kg3 Bd7 17. a4 Nc8 18. h3 Re8 19. Kf2 Nd6 20. a5 Re7 21. Rac1
Nfe8 22. Ng3 g6 23. h4 {and the American converted his advantage into a full
point in the game Nakamura,H (2774)-Ponomariov,R (2754)/Saint Louis 2011}) 7.
e3 Bh5 8. Bd3 Bg6 9. Bxg6 $1 {An important change of structure for the
strategy of White, who will be able to open the h-file later on. From this
point of view the similarity with the aforementioned game is amazing.} hxg6 10.
O-O-O Nf6 11. f3 $1 {[%cal Ge3e4] #} Nbd7 12. Nge2 ({The immediate} 12. e4 {
runs into} Nh5 {and White can't keep the bishop} 13. Be3 {due to} Ng3 $1) 12...
b5 {Nakamura's desire to postpone short castling is understandable, since then
at some moment White will start advancing the h-pawn. However, Black's problem
is that sooner or later he will have to hide the king anyway, since White's
play in the centre is simple and clear.} 13. e4 b4 14. Na4 dxe4 15. fxe4 Qa5
16. Kb1 ({Carlsen wasn't satisfied with the alternative} 16. e5 Nd5 17. e6 fxe6
18. Qxc6 Kf7 19. Qxd7 Rhd8 {where} 20. Qc6 {runs into} Rac8) 16... O-O {
So finally Black could not avoid the inevitable castling..} 17. h4 $1 {And the
reaction is very natural: White plans e4-e5 followed by h4-h5.} Rfe8 18. e5 Nd5
19. h5 g5 {The position is highly complicated, but Carlsen rightly felt that
White's attacking prospetcs should be higher.} 20. h6 g6 21. Bc1 {[%csl Ra4,
Gc5] Black has a much weaker king and a worse pawn structure. White's only
problem is his badly placed knight on a4.} ({The variation preferred by the
computer} 21. e6 gxf4 22. exd7 Red8 23. Qxc6 Ne3 24. Nc5 Nxd1 25. Rxd1 {
with advantage for White would always appear unclear for a human in a
practical game.}) 21... N7b6 {A bad decision, allowing White to place the
knight on c5.} (21... N5b6 {was preferable, after which Black can still fight
on, although his position remains worse anyway.}) 22. Nc5 Bxc5 23. dxc5 b3 (
23... Nd7 24. e6 $1 Rxe6 25. Nd4 {with the idea} Ree8 26. Nxc6 Qxc5 27. Qxc5
Nxc5 28. Rxd5 {wins a piece for White.}) 24. Qxb3 Qxc5 25. Nd4 Rxe5 26. Nf3 Re2
$2 {The second mistake, after which it is hardly possible to save Black's
position any longer. The rook is seemingly active, but in many variations it
is unstable and it needs protection on e2.} (26... Rf5 {was the right way to
put up resistance. It must be said that Nakamura was already starting to
experience problems with time.}) 27. Nxg5 Qe7 28. Qd3 $1 {[%csl Rg6][%cal
Gg5f7,Gd1f1]} Rf8 29. Rdf1 f5 (29... f6 30. Re1 $1 Rxe1 31. Rxe1 Qxe1 32. Qxg6+
{and mate}) 30. g4 Na4 31. Qd4 (31. gxf5 {wins quicker, but Magnus admitted
that he missed something after Black's answer.}) 31... Qe5 $1 {Being short of
time Nakamura finds interesting tactical ideas. Unfortunately for him Black's
position is just too bad and White still has ways to keep the decisive
advantage.} 32. Qxe5 $1 (32. Qxa4 {suddently runs into} Nc3+ $1 33. bxc3 Rb8+ {
and White must give up his queen:} 34. Qb4 Rxb4+ 35. cxb4 Qd5 $1 {The move
missed by Carlsen when he played 31.Qd4. Black is not worse.}) 32... Rxe5 33.
gxf5 gxf5 34. Nf3 {[%csl Rg8][%cal Gf1g1,Gg1g7,Gf3g5] Even in an endgame the
vulnerability of his king is fatal for Black.} Re7 ({Or} 34... Re6 35. h7+ Kh8
36. Bh6 Rb8 37. Rfg1 {winning}) 35. Rfg1+ Kh7 (35... Kh8 36. Nh4) 36. Rg7+ $1
Kh8 (36... Rxg7 37. hxg7+ Kxg7 38. Bh6+) 37. Rhg1 Rfe8 38. Nh4 Rxg7 {and
without awaiting the opponent's answer Nakamura resigned. Both 39.hxg7+ and 39.
Rxg7 win easily for White.} 1-0

[Event "Amber-rapid 20th"]
[Site "Monte Carlo"]
[Date "2011.03.24"]
[Round "11"]
[White "Gelfand, Boris"]
[Black "Carlsen, Magnus"]
[Result "0-1"]
[WhiteElo "2733"]
[BlackElo "2815"]
[PlyCount "94"]
[EventDate "2011.03.12"]
[EventType "tourn (rapid)"]
[EventRounds "11"]
[EventCountry "MNC"]
[EventCategory "21"]
[SourceTitle "CBM 142"]
[Source "ChessBase"]
[SourceDate "2011.05.17"]

1. d4 Nf6 2. c4 c5 3. d5 b5 4. cxb5 a6 5. bxa6 g6 6. Nc3 Bxa6 7. e4 Bxf1 8.
Kxf1 d6 9. g3 Bg7 10. Kg2 Nbd7 11. f4 O-O 12. Nf3 Ne8 13. Re1 Nc7 14. Bd2 Nb6
15. Qe2 Qd7 16. b3 f5 17. a4 fxe4 18. Qxe4 Qf5 19. Qxf5 gxf5 20. Rxe7 Nbxd5 21.
Rd7 Nxc3 22. Rxg7+ Kxg7 23. Bxc3+ Kf7 24. Rd1 Ke7 25. b4 Rxa4 26. bxc5 dxc5 27.
Be5 Nb5 28. Rb1 Rb4 29. Ra1 c4 30. Ra6 Rc8 31. Rb6 c3 32. Rb7+ Ke6 33. Bxc3
Rxc3 34. Rxb5 Rxb5 35. Nd4+ Kd5 36. Nxb5 Rc5 37. Na3 Ra5 38. Nb1 Ra2+ 39. Kh3
Kd4 40. Kh4 Rxh2+ 41. Kg5 Rb2 42. Na3 Rb3 43. Nc2+ Ke4 44. Kh4 h6 45. Kh3 Rb2
46. Ne1 Rb1 47. Nc2 Kd3 0-1

[Event "Amber-blindfold 20th"]
[Site "Monte Carlo"]
[Date "2011.03.24"]
[Round "11"]
[White "Carlsen, Magnus"]
[Black "Gelfand, Boris"]
[Result "0-1"]
[WhiteElo "2815"]
[BlackElo "2733"]
[Annotator "Krasenkow,M"]
[PlyCount "88"]
[EventDate "2011.03.12"]
[EventType "tourn (rapid)"]
[EventRounds "11"]
[EventCountry "MNC"]
[EventCategory "21"]
[SourceTitle "CBM 142"]
[Source "ChessBase"]
[SourceDate "2011.05.17"]

1. d4 Nf6 2. c4 g6 3. Nf3 Bg7 4. g3 O-O 5. Bg2 c5 6. Nc3 cxd4 7. Nxd4 Qc7 (7...
Nc6 8. O-O {leads to the classic A39 system.}) 8. Ncb5 {White usually plays} (
8. b3) (8. Nd5) ({or} 8. Qd3) (8. Ndb5 $5 {looks more logical than the text
move, e.g.} Qxc4 9. b3 Qc5 10. Be3 Qb4 11. a3 Qa5 12. b4 Qd8 13. Nxa7 Ng4 14.
Bd4 Bxd4 15. Qxd4 Nc6 16. Qxg4 Rxa7 17. Qf4 e5 18. Qc4 $14 {0-1 Tregubov,P 
(2607)-Kurnosov,I (2549)/Kazan 2005/CBM 109 (34)}) 8... Qxc4 9. b3 (9. Bd2 Nc6
10. Rc1 Qxa2 11. Ra1 Qc4 12. Rc1 Qa2 13. Ra1 Qc4 {1/2 Edzgveradze,N (2295)
-Kovchan,A (2369)/Alushta 1999/EXT 2000}) 9... Qc5 10. Ba3 Qb6 11. Bxe7 Re8 12.
Nd6 $6 {Too aggressive.} (12. Ba3 $2 a6 13. Nd6 Qa5+) (12. Rc1 Rxe7 13. Rxc8+
Re8 14. Rxe8+ Nxe8 15. e3 Nc6 $11) (12. Bd6 a6 13. Bc7 Qc5 14. Bd6 Qb6 $11)
12... Rxe7 13. Nxc8 Qb4+ 14. Kf1 (14. Qd2 Qxd2+ 15. Kxd2 Ne4+ 16. Ke1 Re8 17.
Rd1 Na6 $1 18. Bxe4 Rxe4 19. Nb5 Rxc8 20. Nd6 Ree8 21. Nxe8 Rxe8 22. Rxd7 Nc5
23. Rc7 Bf8 $17) 14... Re4 $3 15. Nc2 (15. Bxe4 Nxe4 16. e3 Nc6 17. Nxc6 bxc6
18. Rc1 Rxc8 19. Qxd7 Qb8 $17) (15. e3 $144 Nc6 $1 16. Bxe4 Nxe4) 15... Qf8 16.
Nd6 $6 (16. Bxe4 $142 Nxe4 17. Qd5 $1 Qxc8 18. Qxe4 Bxa1 19. Nxa1 d5 $1 20.
Qxd5 Qh3+ 21. Qg2 Qd7 22. Qf3 Nc6 23. Kg2 Qd2 $15) 16... Re6 17. Nxb7 (17. Nb5
Nc6 $15 {[%csl Rf1]}) 17... Nc6 {The b7-knight will not come out anymore!} 18.
Rc1 Rb8 19. Nd4 (19. Bxc6 dxc6 20. Na5 $2 Rd8 21. Qe1 Nd5 {[%cal Rg7c3]} 22.
Na1 $8 Nb4 $19) 19... Rxb7 20. Nxe6 fxe6 $17 21. Bxc6 (21. Qd2 $5) 21... dxc6
22. Qd4 Rf7 $2 (22... Nd5 $17) 23. Kg2 $2 (23. Rxc6 Nd5 24. Qc5 Qxc5 25. Rxc5
Bd4 26. Rc8+ Kg7 27. f3 $15) 23... Nd5 24. Qc5 Qxc5 25. Rxc5 Bd4 26. Rxc6 Rxf2+
27. Kh3 Rxe2 $19 28. Rf1 h5 29. Rfc1 Kg7 30. R1c2 Rxc2 31. Rxc2 e5 32. Rc6 Nb4
33. Rc7+ Kf6 34. a3 Nd5 35. Rc6+ Kf5 36. Kg2 e4 37. Kf1 e3 38. Ke1 Ke4 39. Rd6
g5 40. b4 Nc3 41. Rg6 g4 42. Rh6 Kd3 43. Rxh5 Ne4 44. Rd5 Nd2 0-1

[Event "Amber-blindfold 20th"]
[Site "Monte Carlo"]
[Date "2011.03.23"]
[Round "10"]
[White "Grischuk, Alexander"]
[Black "Carlsen, Magnus"]
[Result "1/2-1/2"]
[WhiteElo "2747"]
[BlackElo "2815"]
[PlyCount "65"]
[EventDate "2011.03.12"]
[EventType "tourn (rapid)"]
[EventRounds "11"]
[EventCountry "MNC"]
[EventCategory "21"]
[SourceTitle "CBM 142"]
[Source "ChessBase"]
[SourceDate "2011.05.17"]

1. d4 Nf6 2. c4 e6 3. Nf3 b6 4. g3 Ba6 5. b3 Bb7 6. Bg2 Bb4+ 7. Bd2 c5 8. Bxb4
cxb4 9. O-O O-O 10. Qd3 d6 11. Nbd2 Qc7 12. e4 e5 13. Ne1 Nc6 14. Nc2 exd4 15.
Rfe1 Nd7 16. Nxd4 Nde5 17. Qe3 Nxd4 18. Qxd4 Qc5 19. Qe3 a5 20. Nf1 a4 21. Red1
Rfd8 22. Qd2 Ng4 23. Rab1 h6 24. Qe2 Nf6 25. e5 Bxg2 26. exf6 Bxf1 27. Qxf1
axb3 28. axb3 d5 29. fxg7 dxc4 30. Rxd8+ Rxd8 31. Qxc4 Rd4 32. Qe2 Qd5 33. Re1
1/2-1/2